| 000 | 00000nam##2200000za#4500 |
| 001 | 9.630790 |
| 003 | CaOODSP |
| 005 | 20210624214021 |
| 007 | cr ||||||||||| |
| 008 | 150407|2002||||xxc|||||o f|0| 0 fre|d |
| 020 | |a0-662-87424-2 |
| 040 | |aCaOODSP|bfre |
| 043 | |an-cn--- |
| 086 | 1 |aSW21-98/2002F-IN |
| 110 | 1 |aCanada. |bCondition féminine Canada. |
| 245 | 10|aLes modifications apportées en 1997 au Régime de pensions du Canada : |h[ressource électronique]|bleurs répercussions sur les femmes et les hommes / |c[par] Adil Sayeed. |
| 260 | |aOttawa - Ontario : |bCondition féminine Canada |c2002. |
| 300 | |a65p.|bfigures, graphiques, tableaux |
| 504 | |aBibliographie. |
| 590 | |a06-10-Supp|b2006-12-15 |
| 691 | 07|aÉgalité des sexes|2gcpds |
| 691 | 07|aPension|2gcpds |
| 691 | 07|aFemme|2gcpds |
| 691 | 07|aHomme|2gcpds |
| 720 | 1 |aSayeed, Adil |
| 775 | 08|tThe 1997 Canada Pension Plan changes : |w(CaOODSP)9.686314 |
| 776 | 0#|tThe 1997 Canada Pension Plan changes : |w(CaOODSP)9.663917 |
| 776 | 0#|tLes modifications apportées en 1997 au Régime de pensions du Canada : |w(CaOODSP)9.663918 |
| 856 | 40|ahttp://publications.gc.ca|qPDF|s824 Ko|uhttps://publications.gc.ca/collections/Collection/SW21-98-2002F.pdf |